Territories of the UK - Sudden Death - Statistics

General Stats
  • This quiz has been taken 51 times
  • The average score is 14 of 15
Answers on the Grid
Answers color-coded by a green-red scale on the quiz's grid according to % correct below.
Akrotiri
Anguilla
Bermuda
British Antarctic Territory
British Indian Ocean Territory
British Virgin Islands
United States
Canada
Cayman Islands
Dhekelia
South Africa
Guinea
Falkland Islands
Vatican City
Gibraltar
Montserrat
France
Pitcairn, Henderson, Ducie and Oeno Islands
St Helena, Ascension and Tristan da Cunha
Ireland
South Georgia and South Sandwich Islands
Japan
Turks and Caicos Islands
Corsica
Hong Kong
 
Answer Stats
Answer % Correct
British Virgin Islands
100%
Gibraltar
100%
Bermuda
95%
South Georgia and South Sandwich Islands
95%
British Antarctic Territory
93%
British Indian Ocean Territory
93%
Cayman Islands
93%
Pitcairn, Henderson, Ducie and Oeno Islands
93%
St Helena, Ascension and Tristan da Cunha
93%
Turks and Caicos Islands
93%
Anguilla
90%
Falkland Islands
90%
Akrotiri
83%
Dhekelia
80%
Montserrat
80%
No matching quizzes found
Score Distribution
Percent of People with Each Score
Percentile by Number Answered
Your Score History
You have not taken this quiz